Statistiques concernant Le royaume du Swaziland (Swatini)

Cliquez ici pour prendre le quiz!

Statistiques générales

  • Ce quiz a été pris 48 fois
  • Le résultat moyen est 7 sur 12

Statistiques - réponses

QuestionRéponse% Correct
Sur quel continent se trouve le pays ?Afrique
100%
Il est enclavé entre .... à l'ouestAfrique du Sud
94%
et .... à l'estMozambique
85%
Les langues officielles sont le swati et l'....anglais
85%
Avant l'indépendance quel pays administrait le Swaziland ?Royaume Uni
79%
Quelle maladie contagieuse ravage le pays à 40% ?sida
71%
Quelle est sa capitale ?Mbabane
65%
Quel est son régime politique ?monarchie absolue
35%
Quelle est est la principale religion au Swaziland.?christianisme
29%
Il a obtenu son indépendance en ....1968
27%
Quel est le nom de sa devise monétaire ?lilangeni
6%
Quelle est la principale ressource du pays ?canne à sucre
0%

Distribution des résultats

Percentile par nombre de réponses

% des personnes avec chaque résultat

Votre développement - résultats

Vous n’avez pas pris ce quiz